000 00637nam a2200193 a 4500
001 000039758
005 20201002033722.0
008 130718s2008 xxua 000 0 spa d
020 _a9781855661592
040 _aDO-SdBNP
_bspa
_cBNPHU
082 _axxx
245 0 0 _aQueen Isabel I of castile . :
_bpower, patronage, persona /
_ceditora Barbara F. Weissberger.
260 _aTamesis, Estados Unidos :
_bBoydell & Brewer,
_c2008.
300 _axxiv, 237 p. :
_bil. ;
_c24 cm.
490 1 _aTámesis
490 1 _aA: Monografías
_v235
700 1 _aWeissberger, Barbara F.,
_eed.
_965950
830 0 _aTámesis
_nA
_pMonografías
_v253
_965951
999 _c39248
_d39248